000
00299nam a22001097a 4500
082
_a
621.381
_b
C76
100
1
_a
Reyes, Jed V.
245
_a
Construction of color television trainer
260
_a
Morong, Rizal
_b
[publisher not identified]
_c
2006
300
_a
63 leaves :
_b
illustrations ; 28 cm.
942
_c
T
999
_c
62
_d
62